[Event "Deutsche Ländermeisterschaft 2012"]
[Site "Hannover GER"]
[Date "2012.10.03"]
[Round "7"]
[White "Kempe, Anne"]
[Black "Köhler, Inken"]
[Result "1-0"]
[Termination "normal"]
[Board "6.7"]
[WhiteTitle "14w"]
[BlackTitle "12w"]
[WhiteElo "1703"]
[BlackElo "1459"]
[WhiteTeam "Sachsen"]
[BlackTeam "Schleswig-Holstein"]
[PlyCount "107"]
[WhiteFideId "12918083"]
[BlackFideId "12929301"]
[EventCountry "GER"]
[EventRounds "7"]
[EventType "team-swiss"]
[EventDate "2012.09.28"]

1. e4 e5 2. Nf3 Nc6 3. Bc4 Nf6 4. d4 exd4 5. O-O Bc5 6. e5 d5 7. Bb5 Ne4 8.
Nxd4 Bd7 9. Nxc6 Bxc6 10. Bxc6+ bxc6 11. Qg4 Rg8 12. Nd2 Nxd2 13. Bxd2 Rb8 14.
b3 Qd7 15. e6 fxe6 16. Rae1 Kf7 17. Qh5+ Kf8 18. Qxh7 Qf7 19. Qh4 Ke8 20. Re2
Kd7 21. Qg4 Rbf8 22. Be3 Bxe3 23. Rxe3 Qf5 24. Qe2 Rh8 25. h3 Rf6 26. Re1 Rfh6
27. Rf3 Qg5 28. Rg3 Qf6 29. Qg4 R8h7 30. Qa4 Qb2 31. c3 Rf6 32. Qxa7 Qd2 33.
Rf1 g6 34. Qd4 Qxd4 35. cxd4 Rh4 36. Rd3 Kd6 37. Re1 c5 38. dxc5+ Kxc5 39. Rc1+
Kd6 40. Rdc3 Rh7 41. Rc6+ Ke5 42. a4 Rhf7 43. f3 d4 44. R6c5+ Kd6 45. Rc6+ Ke5
46. Rxc7 Rxc7 47. Rxc7 Kf4 48. Kf2 e5 49. g3+ Kf5 50. Rc5 Re6 51. f4 Kf6 52.
fxe5+ Rxe5 53. Rxe5 Kxe5 54. Kf3 1-0

[Event "Deutsche Ländermeisterschaft 2012"]
[Site "Hannover GER"]
[Date "2012.10.03"]
[Round "7"]
[White "Schramm, Anna-Lena"]
[Black "Halas, Julia"]
[Result "1/2-1/2"]
[Termination "normal"]
[Board "6.8"]
[WhiteTitle "14w"]
[BlackTitle "12w"]
[WhiteElo "1420"]
[BlackElo "1613"]
[WhiteTeam "Schleswig-Holstein"]
[BlackTeam "Sachsen"]
[PlyCount "52"]
[WhiteFideId "12918237"]
[BlackFideId "12931810"]
[EventCountry "GER"]
[EventRounds "7"]
[EventType "team-swiss"]
[EventDate "2012.09.28"]

1. e4 e5 2. Bc4 Nf6 3. d3 Nc6 4. Nf3 Bc5 5. Bg5 d6 6. h3 Na5 7. Bb3 Nxb3 8.
axb3 h6 9. Bh4 O-O 10. O-O c6 11. c3 Re8 12. Re1 Bb6 13. Nbd2 Re6 14. Nc4 Qc7
15. Nh2 d5 16. exd5 cxd5 17. Nd2 Bd7 18. Bg3 d4 19. Nc4 dxc3 20. bxc3 Rd8 21.
d4 Nd5 22. Qd2 f6 23. dxe5 Qc6 24. exf6 Rxe1+ 25. Rxe1 Qxf6 26. Ne5 Be6 1/2-1/2

[Event "Deutsche Ländermeisterschaft 2012"]
[Site "Hannover GER"]
[Date "2012.10.03"]
[Round "7"]
[White "Will, Dominik"]
[Black "Frischmann, Rick"]
[Result "0-1"]
[Termination "normal"]
[Board "7.1"]
[WhiteTitle "18"]
[BlackTitle "18"]
[WhiteElo "2085"]
[BlackElo "2150"]
[WhiteTeam "Hessen 2"]
[BlackTeam "Saarland"]
[PlyCount "66"]
[WhiteFideId "4696557"]
[BlackFideId "24660752"]
[EventCountry "GER"]
[EventRounds "7"]
[EventType "team-swiss"]
[EventDate "2012.09.28"]

1. e4 c5 2. Nf3 e6 3. d4 cxd4 4. Nxd4 a6 5. Nc3 Qc7 6. Bd3 Nf6 7. O-O d6 8. Be3
g6 9. f4 Bg7 10. Kh1 O-O 11. Qf3 Nbd7 12. a4 e5 13. Nb3 exf4 14. Qxf4 Ne5 15.
Qh4 Be6 16. h3 Bxb3 17. cxb3 Nxd3 18. Rxf6 Rae8 19. Nd5 Qc2 20. Rf3 Rxe4 21.
Ne7+ Kh8 22. Nxg6+ fxg6 23. Rxf8+ Bxf8 24. Qf6+ Kg8 25. Rf1 Qc8 26. Qf7+ Kh8
27. Qxf8+ Qxf8 28. Rxf8+ Kg7 29. Rf3 Ne5 30. Rg3 d5 31. Bb6 Kf6 32. Re3 Rxe3
33. Bxe3 Kf5 0-1

[Event "Deutsche Ländermeisterschaft 2012"]
[Site "Hannover GER"]
[Date "2012.10.03"]
[Round "7"]
[White "Wild, Achim"]
[Black "Elkmann, Janek"]
[Result "0-1"]
[Termination "normal"]
[Board "7.2"]
[WhiteTitle "20"]
[BlackTitle "18"]
[WhiteElo "2107"]
[BlackElo "2033"]
[WhiteTeam "Saarland"]
[BlackTeam "Hessen 2"]
[PlyCount "53"]
[WhiteFideId "4658728"]
[BlackFideId "24691925"]
[EventCountry "GER"]
[EventRounds "7"]
[EventType "team-swiss"]
[EventDate "2012.09.28"]

1. d4 d5 2. c4 e5 3. dxe5 d4 4. Nf3 Nc6 5. a3 Nge7 6. b3 Bg4 7. g3 Qd7 8. Nbd2
O-O-O 9. h3 Bf5 10. Bb2 Ng6 11. Bg2 Ngxe5 12. Nxe5 Nxe5 13. g4 Bg6 14. f4 Nc6
15. f5 Bxf5 16. gxf5 Qxf5 17. Be4 Qf4 18. Qb1 Bd6 19. Bxc6 bxc6 20. Qe4 Qg3+
21. Kd1 Kb7 22. Qg4 Qe5 23. Bxd4 Qa5 24. b4 Qa4+ 25. Kc1 Rhe8 26. Kb2 Be5 27.
Bxe5 0-1

[Event "Deutsche Ländermeisterschaft 2012"]
[Site "Hannover GER"]
[Date "2012.10.03"]
[Round "7"]
[White "Bingert, Tim Niklas"]
[Black "Grewenig, Jan"]
[Result "0-1"]
[Termination "normal"]
[Board "7.3"]
[WhiteTitle "14"]
[BlackTitle "16"]
[WhiteElo "1931"]
[BlackElo "1961"]
[WhiteTeam "Hessen 2"]
[BlackTeam "Saarland"]
[PlyCount "80"]
[WhiteFideId "12917907"]
[BlackFideId "4657330"]
[EventCountry "GER"]
[EventRounds "7"]
[EventType "team-swiss"]
[EventDate "2012.09.28"]

1. e4 b6 2. d4 Bb7 3. Nc3 e6 4. Bd3 Bb4 5. Nge2 Nf6 6. f3 d5 7. e5 Nfd7 8. a3
Be7 9. Be3 c5 10. Bb5 a6 11. Ba4 b5 12. Bb3 cxd4 13. Bxd4 Nc6 14. f4 Nxd4 15.
Nxd4 Qb6 16. O-O O-O-O 17. Kh1 g5 18. a4 b4 19. a5 Qc7 20. Nce2 gxf4 21. c3
Nxe5 22. cxb4 Bxb4 23. Rc1 Nc4 24. Bxc4 dxc4 25. Qa4 Qc5 26. Rxf4 Kb8 27. Rxf7
e5 28. Nf3 Rhf8 29. Rxf8 Rxf8 30. Neg1 Ka7 31. Nxe5 Bd2 32. Rd1 Qf2 33. Ngf3
Rxf3 34. Nxf3 Bxf3 35. Qd7+ Bb7 36. Qg4 Bf4 37. Qg7 Qe2 38. Rb1 Be5 39. Qg5 h6
40. Qg6 Bc7 0-1

[Event "Deutsche Ländermeisterschaft 2012"]
[Site "Hannover GER"]
[Date "2012.10.03"]
[Round "7"]
[White "Sonnhalter, Stella"]
[Black "Keller, Peter"]
[Result "0-1"]
[Termination "normal"]
[Board "7.4"]
[WhiteTitle "20w"]
[BlackTitle "14"]
[WhiteElo "1856"]
[BlackElo "1966"]
[WhiteTeam "Saarland"]
[BlackTeam "Hessen 2"]
[PlyCount "32"]
[WhiteFideId "4624815"]
[BlackFideId "1272105"]
[EventCountry "GER"]
[EventRounds "7"]
[EventType "team-swiss"]
[EventDate "2012.09.28"]

1. e4 c5 2. Nf3 e6 3. d4 cxd4 4. Nxd4 Nc6 5. Be3 Nf6 6. f3 d5 7. exd5 Nxd5 8.
Bf2 Bc5 9. c3 O-O 10. Bb5 e5 11. Bxc6 bxc6 12. Nb3 Bxf2+ 13. Kxf2 Qb6+ 14. Ke1
Nf4 15. Qc2 Qe3+ 16. Kf1 Bf5 0-1

[Event "Deutsche Ländermeisterschaft 2012"]
[Site "Hannover GER"]
[Date "2012.10.03"]
[Round "7"]
[White "Spitzl, Vinzent"]
[Black "Müller, Max"]
[Result "1-0"]
[Termination "normal"]
[Board "7.5"]
[WhiteTitle "12"]
[BlackTitle "14"]
[WhiteElo "1729"]
[BlackElo "1728"]
[WhiteTeam "Hessen 2"]
[BlackTeam "Saarland"]
[PlyCount "55"]
[WhiteFideId "12901253"]
[BlackFideId "12900486"]
[EventCountry "GER"]
[EventRounds "7"]
[EventType "team-swiss"]
[EventDate "2012.09.28"]

1. e4 c5 2. Nf3 d6 3. d4 cxd4 4. Nxd4 Nf6 5. f3 g6 6. c4 Bg7 7. Nc3 Nc6 8. Be3
Bd7 9. Be2 O-O 10. O-O a6 11. Qd2 Rc8 12. Rac1 Ne5 13. Nd5 Nxd5 14. exd5 f5 15.
h3 Qc7 16. b3 Qb8 17. f4 Nf7 18. b4 b6 19. b5 axb5 20. cxb5 Rxc1 21. Rxc1 Rc8
22. Nc6 Bxc6 23. bxc6 Nd8 24. Rb1 Qa8 25. Rxb6 Kf8 26. Qc2 e6 27. c7 Nf7 28.
Ba6 1-0

[Event "Deutsche Ländermeisterschaft 2012"]
[Site "Hannover GER"]
[Date "2012.10.03"]
[Round "7"]
[White "Puffay, Jana"]
[Black "Schneider, Sabrina"]
[Result "1/2-1/2"]
[Termination "normal"]
[Board "7.6"]
[WhiteTitle "16w"]
[BlackTitle "14w"]
[WhiteElo "1433"]
[BlackElo "1548"]
[WhiteTeam "Saarland"]
[BlackTeam "Hessen 2"]
[PlyCount "51"]
[WhiteFideId "24692360"]
[BlackFideId "12951986"]
[EventCountry "GER"]
[EventRounds "7"]
[EventType "team-swiss"]
[EventDate "2012.09.28"]

1. e4 e5 2. Nf3 Nc6 3. Bc4 Nf6 4. d3 Bc5 5. Bb3 O-O 6. c3 d6 7. Nbd2 Be6 8. O-O
Bxb3 9. axb3 a6 10. h3 Ba7 11. Re1 Qe8 12. Nc4 Ne7 13. Ne3 Rd8 14. Qe2 Qb5 15.
b4 Bxe3 16. Bxe3 Ng6 17. Ra5 Qc6 18. Bd2 Rfe8 19. c4 Qd7 20. Rea1 c5 21. b5
axb5 22. Rxb5 Ra8 23. Rba5 Rxa5 24. Rxa5 b6 25. Rb5 Qa7 26. b4 1/2-1/2

[Event "Deutsche Ländermeisterschaft 2012"]
[Site "Hannover GER"]
[Date "2012.10.03"]
[Round "7"]
[White "Diener, Carolin Valeria"]
[Black "Müller, Sophie"]
[Result "1-0"]
[Termination "normal"]
[Board "7.7"]
[WhiteTitle "12w"]
[BlackTitle "12w"]
[WhiteElo "1710"]
[BlackElo "1435"]
[WhiteTeam "Hessen 2"]
[BlackTeam "Saarland"]
[PlyCount "55"]
[WhiteFideId "24699063"]
[BlackFideId "12926698"]
[EventCountry "GER"]
[EventRounds "7"]
[EventType "team-swiss"]
[EventDate "2012.09.28"]

1. e4 e6 2. d4 d5 3. Nc3 dxe4 4. Nxe4 Nd7 5. Bd3 Ngf6 6. Qe2 c5 7. Nxc5 Nxc5 8.
dxc5 Bxc5 9. Nf3 h6 10. h3 b6 11. Bd2 O-O 12. O-O-O Bb7 13. Rhg1 Rc8 14. Kb1 a5
15. g4 Nd7 16. g5 h5 17. g6 Bxf3 18. Qxf3 fxg6 19. Qe4 Qf6 20. Rxg6 Qf5 21. Qg2
Qf7 22. Bc3 e5 23. Rg1 Kh8 24. Rxg7 Qg8 25. Qg6 Nf6 26. Qh6+ Nh7 27. Rxg8+ Rxg8
28. Qxh7# 1-0

[Event "Deutsche Ländermeisterschaft 2012"]
[Site "Hannover GER"]
[Date "2012.10.03"]
[Round "7"]
[White "Zimmer, Luca"]
[Black "Liez, Tatjana"]
[Result "0-1"]
[Termination "normal"]
[Board "7.8"]
[WhiteTitle "12"]
[BlackTitle "16w"]
[WhiteElo "1035"]
[BlackElo "1532"]
[WhiteTeam "Saarland"]
[BlackTeam "Hessen 2"]
[PlyCount "66"]
[WhiteFideId "12921424"]
[BlackFideId "1271769"]
[EventCountry "GER"]
[EventRounds "7"]
[EventType "team-swiss"]
[EventDate "2012.09.28"]

1. e4 e5 2. Nf3 Nc6 3. Bc4 Bc5 4. c3 Nf6 5. d4 exd4 6. cxd4 Bb4+ 7. Bd2 Bxd2+
8. Nbxd2 d5 9. exd5 Nxd5 10. Qb3 Nce7 11. O-O O-O 12. Rfe1 c6 13. a4 Qc7 14. a5
Be6 15. Ne4 b6 16. axb6 axb6 17. Rxa8 Rxa8 18. Neg5 Qc8 19. Nxe6 fxe6 20. Bxd5
Nxd5 21. Ng5 Qd7 22. Nxe6 Qxe6 23. Kf1 Qd7 24. Re4 Re8 25. Rh4 Qe7 26. g3 Qe2+
27. Kg2 Rf8 28. Rf4 Rxf4 29. gxf4 Qg4+ 30. Kf1 Qxf4 31. Qc4 Qf6 32. b4 Kf8 33.
b5 Ne3+ 0-1

[Event "Deutsche Ländermeisterschaft 2012"]
[Site "Hannover GER"]
[Date "2012.10.03"]
[Round "7"]
[White "Weber, Max"]
[Black "Raum, Sebastian"]
[Result "1/2-1/2"]
[Termination "normal"]
[Board "8.1"]
[WhiteTitle "18"]
[BlackTitle "20"]
[WhiteElo "2109"]
[BlackElo "2159"]
[WhiteTeam "Mecklenburg-Vorpommern"]
[BlackTeam "Niedersachsen 2"]
[PlyCount "67"]
[WhiteFideId "4624831"]
[BlackFideId "24673935"]
[EventCountry "GER"]
[EventRounds "7"]
[EventType "team-swiss"]
[EventDate "2012.09.28"]

1. c4 Nf6 2. g3 g6 3. Bg2 d5 4. cxd5 Nxd5 5. Nc3 c6 6. Nf3 Bg7 7. d4 O-O 8. e4
Nc7 9. O-O Bg4 10. Be3 e5 11. dxe5 Nd7 12. Qb3 b6 13. Rad1 Qe7 14. h3 Be6 15.
Qa4 b5 16. Qc2 Nxe5 17. Nxe5 Bxe5 18. f4 Bg7 19. e5 Rfd8 20. Ne4 Bxa2 21. b3
Qa3 22. Nc5 Rxd1 23. Rxd1 Na6 24. Ra1 Nb4 25. Qd2 Bf8 26. Bxc6 Rc8 27. Bd5 Rxc5
28. Bxf7+ Kxf7 29. Qd7+ Kg8 30. Qe6+ Kg7 31. Qf6+ Kg8 32. Qe6+ Kg7 33. Qf6+ Kg8
34. Qe6+ 1/2-1/2

[Event "Deutsche Ländermeisterschaft 2012"]
[Site "Hannover GER"]
[Date "2012.10.03"]
[Round "7"]
[White "Celmer, Ole"]
[Black "Kyas, Philipp"]
[Result "0-1"]
[Termination "normal"]
[Board "8.3"]
[WhiteTitle "20"]
[BlackTitle "16"]
[WhiteElo "1857"]
[BlackElo "2076"]
[WhiteTeam "Mecklenburg-Vorpommern"]
[BlackTeam "Niedersachsen 2"]
[PlyCount "86"]
[WhiteFideId "24657107"]
[BlackFideId "24670936"]
[EventCountry "GER"]
[EventRounds "7"]
[EventType "team-swiss"]
[EventDate "2012.09.28"]

1. e4 e5 2. Nf3 Nc6 3. Bc4 Bc5 4. c3 Nf6 5. d4 exd4 6. cxd4 Bb4+ 7. Bd2 Nxe4 8.
Bxb4 Nxb4 9. Bxf7+ Kxf7 10. Qb3+ d5 11. Qxb4 Re8 12. O-O Kg8 13. Nc3 b6 14. Qb3
Be6 15. Rfe1 Qd6 16. Qc2 Bf5 17. Qb3 c6 18. Rac1 Qf4 19. Ne2 Qh6 20. Nc3 Nd2
21. Nxd2 Qxd2 22. Red1 Qg5 23. Nb1 Bxb1 24. Rxb1 Re6 25. Re1 Rae8 26. Qc3 Qf6
27. Rxe6 Qxe6 28. h3 Qe4 29. Rc1 Re6 30. f3 Qe2 31. Qc2 Qe3+ 32. Kh1 Qxd4 33.
Qf5 Qf6 34. Qc2 c5 35. b3 Re3 36. Qd2 Qe6 37. b4 c4 38. Qd4 Rd3 39. Qf4 h6 40.
Qb8+ Kh7 41. Qg3 c3 42. h4 Qg6 43. Qe5 Rd2 0-1

[Event "Deutsche Ländermeisterschaft 2012"]
[Site "Hannover GER"]
[Date "2012.10.03"]
[Round "7"]
[White "Bach, Jannik"]
[Black "Schmekel, Florian"]
[Result "1-0"]
[Termination "normal"]
[Board "8.4"]
[WhiteTitle "14"]
[BlackTitle "14"]
[WhiteElo "1859"]
[BlackElo "1552"]
[WhiteTeam "Niedersachsen 2"]
[BlackTeam "Mecklenburg-Vorpommern"]
[PlyCount "99"]
[WhiteFideId "24615900"]
[BlackFideId "12913456"]
[EventCountry "GER"]
[EventRounds "7"]
[EventType "team-swiss"]
[EventDate "2012.09.28"]

1. e4 c5 2. Nf3 Nc6 3. d4 cxd4 4. Nxd4 g6 5. Nc3 Bg7 6. Be3 Nf6 7. Bc4 O-O 8.
Bb3 a5 9. O-O Ng4 10. Qxg4 Nxd4 11. Qd1 Nxb3 12. axb3 d6 13. Ra2 Bd7 14. Nd5
Ra6 15. Re1 Bc6 16. Qd3 e6 17. Nc3 d5 18. exd5 exd5 19. Bd4 Re8 20. Raa1 Bxd4
21. Qxd4 Ra8 22. Rxe8+ Qxe8 23. Rd1 Rd8 24. Ne4 dxe4 25. Qxd8 Kg7 26. Qxa5 Qe6
27. Qc3+ f6 28. Qd4 Qf5 29. c4 Qg5 30. Qe3 Qg4 31. Rd2 Qe6 32. h3 h5 33. Qd4
Kh6 34. b4 b5 35. Qd6 Qxc4 36. Qf8+ Kg5 37. Qc5+ f5 38. Qxc4 bxc4 39. Rd6 Be8
40. g3 h4 41. Rd4 hxg3 42. fxg3 e3 43. Kf1 Bb5 44. Ke2 c3+ 45. Kxe3 cxb2 46.
Rd1 Kf6 47. h4 Ke5 48. Rb1 Kd5 49. Rxb2 Kc4 50. Kf4 1-0

[Event "Deutsche Ländermeisterschaft 2012"]
[Site "Hannover GER"]
[Date "2012.10.03"]
[Round "7"]
[White "Wulf, Constanze"]
[Black "Manusina, Nicole"]
[Result "0-1"]
[Termination "normal"]
[Board "8.5"]
[WhiteTitle "16w"]
[BlackTitle "14w"]
[WhiteElo "1622"]
[BlackElo "1800"]
[WhiteTeam "Mecklenburg-Vorpommern"]
[BlackTeam "Niedersachsen 2"]
[PlyCount "48"]
[WhiteFideId "24692379"]
[BlackFideId "24657514"]
[EventCountry "GER"]
[EventRounds "7"]
[EventType "team-swiss"]
[EventDate "2012.09.28"]

1. d4 d5 2. c4 e6 3. Nc3 c6 4. Nf3 dxc4 5. a4 Bb4 6. Qc2 a5 7. Bd2 Nf6 8. e3 b5
9. axb5 Bxc3 10. Qxc3 cxb5 11. b3 b4 12. Qxc4 Ba6 13. Qc5 Bxf1 14. Rxf1 Nbd7
15. Qc6 O-O 16. Ke2 Qb8 17. Qc2 Rc8 18. Qd3 e5 19. dxe5 Nxe5 20. Nxe5 Qxe5 21.
h3 Rd8 22. Qb1 Ne4 23. Bxb4 axb4 24. Rxa8 Rxa8 0-1

[Event "Deutsche Ländermeisterschaft 2012"]
[Site "Hannover GER"]
[Date "2012.10.03"]
[Round "7"]
[White "Reuker, Jari"]
[Black "Klinge, Sabina"]
[Result "1-0"]
[Termination "normal"]
[Board "8.6"]
[WhiteTitle "12"]
[BlackTitle "14w"]
[WhiteElo "1784"]
[BlackElo "1659"]
[WhiteTeam "Niedersachsen 2"]
[BlackTeam "Mecklenburg-Vorpommern"]
[PlyCount "113"]
[WhiteFideId "12909300"]
[BlackFideId "12949590"]
[EventCountry "GER"]
[EventRounds "7"]
[EventType "team-swiss"]
[EventDate "2012.09.28"]

1. e4 c5 2. Nf3 Nc6 3. d4 cxd4 4. Nxd4 g6 5. Nc3 Bg7 6. Be3 Nf6 7. Bc4 O-O 8.
Bb3 d6 9. f3 Bd7 10. Qd2 a6 11. O-O-O Na5 12. Kb1 Nxb3 13. Nxb3 b5 14. g4 b4
15. Ne2 a5 16. e5 Ne8 17. exd6 exd6 18. h4 Qf6 19. Nbd4 Nc7 20. Bg5 Qe5 21. Bh6
Rfe8 22. Bxg7 Qxg7 23. h5 Ne6 24. Nxe6 Rxe6 25. Nf4 Ree8 26. Nd5 Bc6 27. Qf4
Re6 28. Nc7 Rf6 29. Qc4 d5 30. Nxd5 Bxd5 31. Qxd5 Rfa6 32. Rhe1 Qf8 33. hxg6
hxg6 34. Re2 Rc8 35. Red2 Raa8 36. Qd4 Qg7 37. Kc1 Rab8 38. Qxg7+ Kxg7 39. Rd3
Rb7 40. c3 bxc3 41. Rxc3 Rcb8 42. b3 Rb5 43. Kc2 Kf6 44. Rd7 Ra8 45. Rc6+ Kg7
46. Rcc7 Rf8 47. Kc3 g5 48. Kc4 Rb4+ 49. Kd3 Rf4 50. Ke3 a4 51. Rb7 axb3 52.
axb3 Ra8 53. Rd5 Re8+ 54. Kf2 Kg6 55. Rd6+ Kg7 56. Rb5 Re7 57. Rxg5+ 1-0

[Event "Deutsche Ländermeisterschaft 2012"]
[Site "Hannover GER"]
[Date "2012.10.03"]
[Round "7"]
[White "Schamber, Dennis"]
[Black "Thole, Ann-Christin"]
[Result "0-1"]
[Termination "normal"]
[Board "8.7"]
[WhiteTitle "12"]
[BlackTitle "16w"]
[WhiteElo "1548"]
[BlackElo "1685"]
[WhiteTeam "Mecklenburg-Vorpommern"]
[BlackTeam "Niedersachsen 2"]
[PlyCount "121"]
[WhiteFideId "12952176"]
[BlackFideId "12907529"]
[EventCountry "GER"]
[EventRounds "7"]
[EventType "team-swiss"]
[EventDate "2012.09.28"]

1. e4 d5 2. exd5 Qxd5 3. Nc3 Qa5 4. d4 Nf6 5. Nf3 c6 6. Bc4 Bf5 7. Bd2 e6 8. h3
Bb4 9. g4 Bg6 10. Bb3 Nbd7 11. Qe2 Bxc3 12. Bxc3 Qc7 13. O-O-O O-O-O 14. Nd2
Qf4 15. Kb1 Nb6 16. Qe3 Qxe3 17. fxe3 Nbd5 18. Rhe1 Nxc3+ 19. bxc3 Nd5 20. Kb2
f5 21. gxf5 Bh5 22. Rc1 exf5 23. c4 Nf6 24. c3 g5 25. Rf1 Ne4 26. Nxe4 fxe4 27.
Rf5 h6 28. c5 Bf3 29. Be6+ Kb8 30. d5 cxd5 31. Bxd5 g4 32. hxg4 Bxg4 33. Re5
Rde8 34. Rxe4 Rxe4 35. Bxe4 Re8 36. Bg6 Rxe3 37. Rh1 Re2+ 38. Ka3 Be6 39. Bb1
Re3 40. Kb4 Rh3 41. Re1 Bd5 42. Re8+ Kc7 43. Bf5 Rh4+ 44. Ka3 Kc6 45. Rc8+ Kb5
46. Rc7 Ra4+ 47. Kb2 Rxa2+ 48. Kb1 Rh2 49. Bc8 a5 50. Bxb7 Bxb7 51. Rxb7+ Kxc5
52. Ra7 Kb6 53. Ra8 h5 54. c4 h4 55. c5+ Kxc5 56. Rxa5+ Kb4 57. Rh5 h3 58. Kc1
Kc3 59. Rd5 Rh1+ 60. Rd1 Rxd1+ 61. Kxd1 0-1